| 000 | 00434nam a2200145Ia 4500 | ||
|---|---|---|---|
| 008 | 220204s9999 xx 000 0 und d | ||
| 020 | _a8185041083 | ||
| 082 |
_a630*94:3 _bBAS |
||
| 245 | 0 | _aSocio-economic research in forestry.(Proceedings of the National Seminar held on 18-20 May 1992). | |
| 260 |
_aPeechi _bKFRI _c1993 |
||
| 650 | _aKerala forest management | ||
| 650 | _aPest control | ||
| 700 | _aBasha, S Chand | ||
| 942 | _cBK | ||
| 999 |
_c42113 _d42113 |
||